Hořící údolí /
Uložené v:
| Hlavný autor: | |
|---|---|
| Ďalší autori: | |
| Médium: | Kniha |
| Jazyk: | Czech English |
| Vydané: |
Praha :
Československý spisovatel,
1955.
|
| Vydanie: | 1.vyd. |
| ISBN: |
(brož.) |
| Fyzický popis: |
290 s. |
| Tagy: |
Pridať tag
Žiadne tagy, Buďte prvý kto otaguje tento záznam!
|
Titul je dostupný aj v ... 

MARC
| LEADER | 00000nam a2200000 4500 | ||
|---|---|---|---|
| 001 | 000540607 | ||
| 005 | 20170516125659.0 | ||
| 008 | 030804 1955 xr e cze d | ||
| 020 | |a (brož.) |c Kčs 14,40 | ||
| 040 | |a SVKKK |b slo |c SVKKK |e AACR2 | ||
| 041 | 1 | |a cze |h eng | |
| 044 | |a xr |c CZ | ||
| 100 | 1 | |a Bonosky, Phillip, |d 1916- |4 aut | |
| 245 | 1 | 0 | |a Hořící údolí / |c Phillip Bonosky ; [z anglického originálu ... preložil a doslovom opatril František Vrba]. |
| 250 | |a 1.vyd. | ||
| 260 | |a Praha : |b Československý spisovatel, |c 1955. | ||
| 300 | |a 290 s. | ||
| 700 | 1 | |a Vrba, František, |d 1920-1985 |4 trl | |
| 910 | |a svkkk | ||
| 998 | |a BK | ||
| 090 | |g SCKHL |k Sklad Pribinova 2. posch. |a III.22309 |j 104737 |i 2720366213 |s Prezenčne | ||
| 090 | |g SCKHL |k Sklad Pribinova 2. posch. |a III.33564 |j 98841 |i 2720315135 |s Prezenčne | ||